000 00722pam a2200253 a 4500
005 20260322212040.0
008 data
010 _a 97047474
020 _a020528146X (pbk.)
020 _a9780205281466 (pbk.)
040 _aDLC
_cDLC
_dDLC
050 0 0 _aBF121
_b.B3 1998
082 0 0 _a150
_221
092 _a150 B3 1999
100 1 _aBaron, Robert A.
245 1 0 _aEssentials of psychology /
_cRobert A. Baron & Michael J. Kalsher.
250 _a2nd ed.
260 _aBoston :
_bAllyn and Bacon,
_c[1998], c1999.
300 _a1 v. (various pagings) :
_bill. (some col.) ;
_c28 cm.
504 _aIncludes bibliographical references and index.
650 0 0 _aPsychology.
700 1 _aKalsher, Michael J.
001 data
999 _c947
_d947